MARC

LEADER 00000nam0a2200000 4500
001 276658
005 20231101234936.0
035 |a (RuTPU)RU\TPU\book\299931 
090 |a 276658 
100 |a 20141125d1977 k y0rusy50 ca 
101 0 |a rus 
102 |a RU 
105 |a a z 001zy 
200 1 |a Аномальные электромагнитные поля пластовых тел  |f В. И. Дмитриев, И. А. Барышникова, Е. В. Захваров 
210 |a Ленинград  |c Недра  |d 1977 
215 |a 168 с.  |c ил. 
320 |a Библиогр.: с. 165-166. 
606 1 |a Электроразведка  |x Метод  |2 stltpush  |3 (RuTPU)RU\TPU\subj\20751  |9 45832 
610 1 |a пластовые тела 
610 1 |a аномальные поля 
610 1 |a расчет 
610 1 |a электромагнитные волны 
610 1 |a измерение 
610 1 |a интерпретация 
610 1 |a оценка 
675 |a 550.837  |v 3 
700 1 |a Дмитриев  |b В. И.  |g Владимир Иванович 
701 1 |a Барышникова  |b И. А.  |g Инна Александровна 
701 1 |a Захваров  |b Е. В.  |g Евгений Владимирович 
801 1 |a RU  |b 63413507  |c 20141125 
801 2 |a RU  |b 63413507  |c 20210209  |g RCR 
942 |c BK